Państwa Europy z błędami - Statystyki

Ogólne statystyki
  • Ten quiz został rozwiązany 15 razy
  • Średni wynik to 3 z 46
Statystyki odpowiedzi
Podpowiedź Odpowiedź % Poprawnych
Madryt Chiszpania
75%
Andora Andor
50%
Ateny Grecia
25%
Zagrzeb Horwacja
25%
Rzym Włohy
25%
Wiedeń Ałstria
17%
Moskwa Rosia
17%
Sofia Bulgarja
8%
Amsterdam Cholandia
8%
Kopenhaga Danja
8%
Paryż Fancja
8%
Monako Monko
8%
Lizbona Portugala
8%
Bukareszt Rómónia
8%
Lublana Słowenja
8%
Tirana Albanja
0%
Bruksela Belgja/Belkia
0%
Sarajewo Boźnia I Hercegowina
0%
Minsk Czarnaruś
0%
Podgorica Czarnogura
0%
Talinn Estonja
0%
Helsinki Fintlantia
0%
Dublin Ilrandia
0%
Reykjavik Islantia
0%
Prisztina Kosofo
0%
Vaduz Lihtensztein
0%
Wilno Litfa
0%
Ryga Łodwa
0%
Luksemburg Luksemburk
0%
Skopje Macedonia Południowa
0%
Valetta Malda
0%
Londyn Mniejsza Brytania
0%
Kiszyniów Mołdawfja
0%
Berlin Niemczy
0%
Oslo Norfegja
0%
Warszawa Polszka
0%
San Marino San malino
0%
Belgrad Serpia
0%
Bratysława Słuwacja
0%
Praga Szechy
0%
Berno Szłajcaria/Żwajcaria
0%
Sztokholm Szłecja
0%
Ankara Turcia
0%
Kijów Ukrajna
0%
Watykan Watikan
0%
Budapeszt Wengry
0%
Nie znaleziono quizów pasujących do podanych kryteriów
Rozkład punktacji
Procent ludzi z każdym wynikiem
Percentyl według liczby udzielonych odpowiedzi
Twoja historia wyników
Nie rozwiązałeś tego quizu